| 000 | 01196nam a2200277 a 4500 | ||
|---|---|---|---|
| 001 | 000016486 | ||
| 003 | DO-SdBNP | ||
| 005 | 20231115083815.0 | ||
| 008 | 100305t1986 dr ad r 000 0 spa d | ||
| 040 |
_aDO-SdBNP _bspa _cBNPHU |
||
| 082 | 4 |
_a338.97293 _bR426po _222 |
|
| 110 | 1 |
_aRepública Dominicana. _bSecretariado Técnico de la Presidencia. _bOficina Nacional de Planificación _911062 |
|
| 245 | 1 | 0 |
_aPosibilidades del desarrollo económico-social de la República Dominicana : _b1976-1986 / _cprólogo, J. Alfonso Lockward P. |
| 260 |
_aSanto Domingo : _bONAPLAN, _c[1986]. |
||
| 300 |
_a602 p. : _bil., gráfcs. ; _c28 cm. |
||
| 500 | _aIncluye referencias bibliográficas y notas al pie de las páginas. | ||
| 590 | _aInventariado, 2018/BT | ||
| 650 | 4 |
_aPotencial de crecimiento _910029 _zRepública Dominicana |
|
| 650 | 4 |
_aCrecimiento económico _98530 |
|
| 650 | 4 |
_aDesarrollo económico y social _97372 |
|
| 651 | 4 |
_aRepública Dominicana _xCondiciones económicas _9281 |
|
| 651 | 4 |
_aRepública Dominicana _xCondiciones sociales _946 |
|
| 700 | 1 |
_aLockward Pérez, Jorge Alfonso, _d1937-2001, _epról. _92059 |
|
| 910 | _aValidado. Control de calidad. EMS | ||
| 942 |
_2ddc _cLBS1 |
||
| 999 |
_c16021 _d16021 |
||